000 00556pab a2200169 454500
008 180718b2013 xxu||||| |||| 00| 0 eng d
100 _aDunne, Michael
245 _aUS Presidential elections: Two centuries of constitutiohal continuity and political change with an analysis of the political geography of Barack Obama's reelection campaign
260 _c2013
300 _a265-277.
362 _aApr-Jun
650 _aUnited States - President - Elections
650 _aElections
773 _aPolitical Quarterly
908 _aN
909 _a100661
999 _c100660
_d100660